The Leader of Architecture Top Architectect ASIA (Record no. 3606)

000 -LEADER
fixed length control field 00264nam a2200097Ia 4500
008 - FIXED-LENGTH DATA ELEMENTS--GENERAL INFORMATION
fixed length control field 200302s9999 xx 000 0 und d
100 ## - MAIN ENTRY--PERSONAL NAME
Personal name Lee Yun Jung & Other
245 ## - TITLE STATEMENT
Title The Leader of Architecture Top Architectect ASIA
260 ## - PUBLICATION, DISTRIBUTION, ETC.
Name of publisher, distributor, etc. Archiworld Co. Ltd.
300 ## - PHYSICAL DESCRIPTION
Extent 311
Holdings
Withdrawn status Lost status Damaged status Not for loan Permanent Location Current Location Date acquired Cost, normal purchase price Full call number Barcode Date last seen Price effective from Koha item type
        BMS College of Architecture, Design and Planning BMS College of Architecture, Design and Planning 2020-03-03 5071.80 720.92 CL-UG65958 2020-03-03 2020-03-03 UG Books from CL
Copyright © 2025, The Librarian, Library and Information Centre, BMSCA D&P, Bengaluru. All Rights Reserved
web counter

Powered by Koha